• 首页
  • 本馆介绍
  • 公告通知
  • 最新文献
  • 馆藏检索
  • 电子资源
  • 读者导购
  • 参考咨询
  • 我的图书馆
  • 登录
  • 详细信息显示
  • 放入我的书架
  • 预约/预借图书
  • 作者相关作品
  • 分类相关作品
  • 丛书相关作品
  • 出版社相关作品

书目信息

  • 表格格式
  • 工作单格式
  • 卡片格式
题名:
北京地区叶类蔬菜营养与贮藏特性的研究
    
 
作者: 陈湘宁 著
分册:  
出版信息: 北京   中国农业出版社  2018
页数: 169页
开本: 26cm
丛书名:
单 册:
中图分类: S630.6
科图分类:
主题词: 蔬菜--植物营养--研究--北京 , 蔬菜--贮藏--研究--北京
电子资源:
ISBN: 978-7-109-23908-1
000 01008nam0 2200265 450
001 012001002058
005 20140109160838.0
010    @a978-7-109-23908-1@dCNY48.00
100    @a20190921d2018 em y0chiy50 ea
101 0  @achi
102    @aCN@b110000
105    @aa z 000yy
106    @ar
200 1  @a北京地区叶类蔬菜营养与贮藏特性的研究@Abei jing di qu ye lei shu cai ying yang yu zhu cang te xing de yan jiu
210    @a北京@c中国农业出版社@d2018
215    @a169页@c图@d26cm
300    @a北京市属高等学校高层次人才引进与培养计划项目“叶类蔬菜气调包装保鲜机理及技术研究”
330    @a本书分为五章,主要从北京市叶类蔬菜资源现状、贮藏保鲜技术、气调包装保鲜以及营养特性等方面进行介绍。
510 1  @aNutrition and storage characteristics of leaf vegetables in Beijing@zeng
606 0  @a蔬菜@x植物营养@x研究@y北京
606 0  @a蔬菜@x贮藏@x研究@y北京
690    @aS630.6@v5
701  0 @a陈湘宁@Achen xiang ning@4著
801  0 @aCN@b北京卓展@c20191020
905    @b1203053-6@dS630.6@e530@f4
    
    北京地区叶类蔬菜营养与贮藏特性的研究.-北京:中国农业出版社,2018
    169页:图;26cm
    北京市属高等学校高层次人才引进与培养计划项目“叶类蔬菜气调包装保鲜机理及技术研究”
    
    ISBN 978-7-109-23908-1:CNY48.00
    本书分为五章,主要从北京市叶类蔬菜资源现状、贮藏保鲜技术、气调包装保鲜以及营养特性等方面进行介绍。
●
相关链接 在E读中查询图书 在五车中查询图书 在当当中查询图书 在豆瓣中查询图书


正题名:北京地区叶类蔬菜营养与贮藏特性的研究     索取号:S630.6/530         预约/预借

序号 登录号 条形码 馆藏地/架位号 状态 备注
1 1203053   212030531   第二样本阅览室/ [索取号:S630.6/530] 在馆    
2 1203054   212030540   第三借阅区/ [索取号:S630.6/530] 在馆    
3 1203055   212030559   第三借阅区/ [索取号:S630.6/530] 在馆    
4 1203056   212030568   第三借阅区/ [索取号:S630.6/530] 在馆    
唐山师范学院图书馆 欢迎您!
大连网信软件有限公司© 版权所有